Fossil corals from Eniwetok Atoll /

Bibliographic Details
Main Author: Wells, John West, 1907-1994
Format: Government Document Book
Language:English
Published: Washington, D.C. : U.S. G.P.O., 1964.
Series:Geological Survey professional paper ; 260-DD.
Subjects:

MARC

Tag First Indicator Second Indicator Subfields
LEADER 00000cam a2200000Ia 4500
001 in00002782397
005 20150922151103.0
008 851210s1964 dcuaf b f000 0 eng d
035 |a (OCoLC)ocm12887705 
035 |a (OCoLC)12887705 
040 |a ERE  |c ERE  |d OCLCQ  |d OCLCG  |d TXJ  |d UtOrBLW 
043 |a poxe--- 
049 |a TXAM 
050 1 4 |a QE75  |b .P9 no.260-, AA-II 
086 0 |a I 19.16:260-DD 
100 1 |a Wells, John West,  |d 1907-1994. 
245 1 0 |a Fossil corals from Eniwetok Atoll /  |c by John W. Wells. 
264 1 |a Washington, D.C. :  |b U.S. G.P.O.,  |c 1964. 
300 |a iii, pages 1101-1111 pages, 5 unnumbered leaves of plates :  |b illustrations ;  |c 29 cm. 
336 |a text  |b txt  |2 rdacontent 
337 |a unmediated  |b n  |2 rdamedia 
338 |a volume  |b nc  |2 rdacarrier 
490 1 |a Geological Survey professional paper ;  |v 260-DD 
500 |a Bikini and nearby atolls, Marshall Islands. 
500 |a 1 folded leaf in pocket. 
504 |a Includes bibliographical references (pages 1110-1111). 
650 0 |a Corals, Fossil  |z Marshall Islands  |z Enewetak Atoll. 
830 0 |a Geological Survey professional paper ;  |v 260-DD. 
994 |a C0  |b TXA 
948 |a cataloged  |b h  |c 2012/11/27  |d c  |e tsivage  |f 12:54:30 pm 
999 |a MARS 
999 f f |s 6bb15f53-f0c9-39fa-b3ff-84d3cd4c7d9f  |i 99a603af-a725-3f3e-ae86-ee5693b5b36c  |t 0 
952 f f |p normal  |a Texas A&M University  |b College Station  |c Sterling C. Evans Library  |d Evans: US Documents (Annex 5th floor)  |t 0  |e I 19.16:260-J-Y,AA-HH  |h Superintendent of Documents classification  |i unmediated -- volume  |m A14814463526 
952 f f |a Texas A&M University  |b College Station  |c Sterling C. Evans Library  |d Evans: US Documents (Annex 5th floor)  |t 0  |e I 19.16:260-J-Y,AA-HH  |h Superintendent of Documents classification 
998 f f |a I 19.16:260-J-Y,AA-HH  |t 0  |l Evans: US Documents (Annex 5th floor)